| 000 | 00557nam a2200169Ia 4500 | ||
|---|---|---|---|
| 008 | 090711s9999 xx 000 0 und d | ||
| 082 | _b78643 | ||
| 100 | _aभट विठ्ठलराय | ||
| 245 | _aभारतीय नवरत्ने | ||
| 260 |
_bमोरया प्रकाशन _c1996 |
||
| 300 | _a123 | ||
| 600 | _aभट विठ्ठलराय | ||
| 630 | _aभारतीय नवरत्ने | ||
| 700 | _aभट विठ्ठलराय | ||
| 730 | _aभारतीय नवरत्ने | ||
| 942 | _cBOOK | ||
| 999 |
_c290606 _d290606 |
||